| Tag |
First Indicator |
Second Indicator |
Subfields |
| LEADER |
00000pam a2200000 i 4500 |
| 001 |
in00000057538 |
| 005 |
20151007082204.0 |
| 008 |
790829s1979 nyub b 00110 eng |
| 010 |
|
|
|a 79021005
|
| 020 |
|
|
|a 0124364802
|
| 035 |
|
|
|a (OCoLC)05411401
|
| 035 |
|
|
|9 AAF7503AM
|
| 040 |
|
|
|a DLC
|c DLC
|d TXA
|d UtOrBLW
|
| 043 |
|
|
|a e-po---
|a s------
|a s-bl---
|
| 049 |
|
|
|a TXAM
|c [1159851]
|
| 050 |
0 |
0 |
|a HC187
|b .L3355
|
| 082 |
0 |
|
|a 380.1/0981
|
| 100 |
1 |
|
|a Lang, James.
|
| 245 |
1 |
0 |
|a Portuguese Brazil :
|b the king's plantation /
|c James Lang.
|
| 264 |
|
1 |
|a New York :
|b Academic Press,
|c [1979]
|
| 264 |
|
4 |
|c ©1979
|
| 300 |
|
|
|a xiv, 266 pages :
|b maps ;
|c 24 cm.
|
| 336 |
|
|
|a text
|b txt
|2 rdacontent
|
| 337 |
|
|
|a unmediated
|b n
|2 rdamedia
|
| 338 |
|
|
|a volume
|b nc
|2 rdacarrier
|
| 490 |
1 |
|
|a Studies in social discontinuity
|
| 500 |
|
|
|a Includes index.
|
| 504 |
|
|
|a Bibliography: pages 233-255.
|
| 651 |
|
0 |
|a Brazil
|x Economic conditions.
|
| 651 |
|
0 |
|a Brazil
|x Commerce
|x History.
|
| 651 |
|
0 |
|a Brazil
|x Politics and government.
|
| 651 |
|
0 |
|a Portugal
|x Colonies
|z America
|x Administration.
|
| 830 |
|
0 |
|a Studies in social discontinuity.
|
| 999 |
|
|
|a MARS
|
| 999 |
f |
f |
|s fb4c5431-814b-318d-9520-790aaa68efe3
|i f7adca0d-da89-3e00-90ef-544182d9b2c0
|t 0
|
| 952 |
f |
f |
|p ric
|a Texas A&M University
|b Rellis Campus
|c Joint Library Facility
|d Remote Storage
|t 0
|e HC187 .L3355
|h Library of Congress classification
|i unmediated -- volume
|m A14802588873
|
| 998 |
f |
f |
|a HC187 .L3355
|t 0
|l Remote Storage
|